Vojna richtárov román

Bibliographic Details
Main Author: Pastorello, J. C., 1898-1986 (Author)
Format: Book
Language:Slovak
PhysicalDescription:237, [2] s. V. 8°
Published: Trnava Spolok sv. Vojtecha 1949
Subjects:

MARC

LEADER 00000cam a2200000 a 4500
001 vtls008366403
003 SK-MaSNL
005 20260302074558.0
008 230403s1949 xo 000 f slo
015 |a SNBA19451955-001313 
035 |a SK01SNKBKSFS20010058620 
035 |a urn:nbn:sk:snk-am3idv9 
035 |a urn:nbn:sk:snk-am00e6be 
035 |a C68721BF-681F-4D58-8A10-9C570A5154FE 
035 |a SKM000061083 
040 |a SNK  |b slo  |c SNK  |e AACR2 
041 0 |a slo 
044 |a xo  |c SK 
072 7 |a 821.162.4-3  |x Slovenská próza  |2 konspekt 
080 |a 821.162.4-31  |2 2011 
080 |a (0:82-311.6)  |2 2011 
100 1 |a Pastorello, J. C.,  |d 1898-1986  |4 aut  |9 185897 
245 1 0 |a Vojna richtárov  |b román  |c J.C. Pastorello 
260 |a Trnava  |b Spolok sv. Vojtecha  |c 1949  |e Trnava  |f Spolok Sv. Vojtecha 
300 |a 237, [2] s.  |c V. 8° 
655 7 |a slovenské romány  |2 SNKPH  |9 70324 
655 7 |a historické romány  |2 SNKPH  |9 70253 
655 7 |a Slovak fiction  |2 SNKPHeng  |9 277096 
655 7 |a Historical novels  |2 SNKPHeng  |9 276887 
852 |a Slovenská národná knižnica 
954 |a beletria pôvodná (slovenská)  |2 lita 
958 |a EUIPO 
958 |a OND 
958 |a RK 
958 |a TL 
999 |c 1165585  |d 1167515 
952 |a SNK  |b SNK  |y VYP  |7 0  |p 17A0626770  |o snkSD 6666 D2  |i snkF 2484/64  |8 5  |0 0  |1 0  |4 0  |d 2009-08-18  |l 0  |r 2026-02-24 20:47:34  |w 2026-02-24 
952 |a SNK  |b SNK  |y VYP  |7 0  |p 17A0263046  |o snkSD 6666 D1  |i snkKSF 1571/57  |8 5  |0 0  |1 0  |4 0  |d 2009-08-18  |l 0  |r 2026-02-24 20:47:34  |w 2026-02-24 
952 |a SNK  |b SNK  |y PREZ  |7 0  |p 17A0911615  |o snkSD 6666  |i snk3900/49  |0 0  |1 0  |4 0  |d 2019-04-08  |f 1  |l 0  |r 2025-11-14 00:00:00  |w 2026-02-24